| 000 | 00522nam a2200217Ia 4500 | ||
|---|---|---|---|
| 003 | OSt | ||
| 005 | 20250809105600.0 | ||
| 008 | 210210b1953 xxu||||| |||| 00| 0 eng d | ||
| 040 | _cAL | ||
| 041 | _aeng | ||
| 082 | _a829/457 | ||
| 100 |
_aGOLDSMITH (O) _9234856 |
||
| 245 | _aVicar of wakefield | ||
| 260 |
_aLondon _bOxford University Press _c1953 |
||
| 650 |
_awakefield _9234857 |
||
| 650 |
_aVicar _9234858 |
||
| 650 |
_aof _9234859 |
||
| 690 |
_aEnglish Fiction _9234860 |
||
| 906 | _a017060 | ||
| 942 |
_2ddc _cBK |
||
| 999 |
_c137018 _d137018 |
||